000 00600nam a2200229Ia 4500
003 OSt
005 20220918213203.0
006 a|||||r|||| 00| 0
007 ta
008 220917b |||||||| |||| 00| 0 eng d
024 _a131,677
037 _cTextual
040 _aARTS
_cARTS
_beng
041 _2eng
_aeng
082 _aX:533, K5
100 _aFord J L
_9125976
245 0 _aOhlin-Heckscher theory of the basis and effects of commondity trade
260 _aNA
_bNA
_c1965
650 _aECONOMICS
942 _hX:533, K5
_cTEXL
_2CC
999 _c254799
_d254799